000 00647nam a2200193Ii 4500
003 JO-AjNU
008 230605s9999||||xx |||||||||||||| ||und||
040 _aJO-AjNU
_bara
_erda
_cJO-AjNU
041 _aara
050 1 4 _aPJ7698.A5.Z78.1999
100 3 _aإعداد إميل ناصيف,
_eauthor
_910948
245 0 0 _aمن أروع ما قال الإمام علي رضي الله عنه
264 3 1 _aبيروت:دارالجيل،1900
300 _a160ص
336 _atext
_btxt
_2rdacontent
337 _aunmediated
_bn
_2rdamedia
338 _avolume
_bnc
_2rdacarrier
650 4 _aالشعر العربي - عصر صدر الإسلام
_910949
999 _aA2070
_c5638
_d5638